[Event "XIX MIEDZYNARODOWY FESTIWAL SZACHOWY  KO"]
[Site "Rewal"]
[Date "2014.08.22"]
[Round "4.25"]
[White "Bilczewski, Kacper"]
[Black "Wiewesiek, Timo"]
[Result "1-0"]
[WhiteElo "1834"]
[BlackElo "1775"]
[PlyCount "81"]
[EventDate "2014.??.??"]

1. e4 c6 2. c4 d5 3. exd5 cxd5 4. cxd5 Nf6 5. Bb5+ Nbd7 6. Nc3 a6 7. Qa4 Rb8 8.
Bxd7+ Qxd7 9. Qxd7+ Bxd7 10. d4 e6 11. dxe6 Bxe6 12. Nge2 Bb4 13. a3 Bxc3+ 14.
bxc3 Bc4 15. Bd2 O-O 16. Ng3 Rbc8 17. f3 Bd3 18. Kf2 Nd5 19. Rac1 Rfe8 20. Rhe1
Rxe1 21. Bxe1 f5 22. Bd2 Rc4 23. Nf1 f4 24. h4 Ra4 25. g3 b5 26. Bxf4 Rxa3 27.
Ne3 Nxe3 28. Kxe3 Bc4 29. Ke4 Ra2 30. Be3 a5 31. d5 Kf7 32. Rd1 Ke7 33. Bc5+
Kd7 34. f4 Re2+ 35. Kd4 Rg2 36. Bb6 a4 37. Bc5 Bb3 38. Rd3 Re2 39. d6 Bc2 40.
Re3 Rd2+ 41. Ke5 1-0

[Event "2014"]
[Site "?"]
[Date "2014.08.23"]
[Round "5.1"]
[White "Kucza, Karol"]
[Black "Zubov, Alexander"]
[Result "0-1"]
[WhiteElo "2074"]
[BlackElo "2588"]
[PlyCount "60"]
[EventDate "2014.??.??"]

1. e4 c5 2. Nf3 e6 3. d4 cxd4 4. Nxd4 a6 5. Bd3 Bc5 6. Nb3 Be7 7. Qg4 g6 8. Qe2
d6 9. O-O Nd7 10. Nc3 Qc7 11. a4 b6 12. f4 Bb7 13. Be3 Ngf6 14. Rae1 O-O 15.
Bd4 Rfe8 16. e5 Nh5 17. Ne4 Nxf4 18. Rxf4 dxe5 19. Rff1 exd4 20. Nxd4 Nc5 21.
Qf2 Rf8 22. Nf6+ Bxf6 23. Qxf6 Qd8 24. Qf2 Nxd3 25. cxd3 Rc8 26. Rc1 Rxc1 27.
Rxc1 Qd7 28. Nf3 Bxf3 29. Qxf3 Qxa4 30. Qc6 Qd4+ 0-1

[Event "2014"]
[Site "?"]
[Date "2014.08.23"]
[Round "5.2"]
[White "Cyborowski, Lukasz"]
[Black "Sivuk, Vitaly"]
[Result "1/2-1/2"]
[WhiteElo "2506"]
[BlackElo "2475"]
[PlyCount "61"]
[EventDate "2014.??.??"]

1. c4 Nf6 2. Nc3 g6 3. e4 d6 4. d4 Bg7 5. f3 O-O 6. Be3 Nc6 7. Nge2 a6 8. Qd2
Na5 9. b3 b5 10. cxb5 axb5 11. Rc1 c6 12. Nf4 e5 13. dxe5 dxe5 14. Qxd8 Rxd8
15. Nd3 Nd7 16. Be2 Bf8 17. Kf2 Ba6 18. Rhd1 Nb7 19. b4 Nd6 20. Nc5 Nxc5 21.
Bxc5 Bc8 22. Bb6 Re8 23. Bc5 Nb7 24. Bxf8 Kxf8 25. Ra1 Ra3 26. Nb1 Ra7 27. Nc3
Be6 28. a4 bxa4 29. Rxa4 Rxa4 30. Nxa4 Rb8 31. Nc3 1/2-1/2

[Event "2014"]
[Site "?"]
[Date "2014.08.23"]
[Round "5.3"]
[White "Adamowicz, Maciej"]
[Black "Mirzoev, Azer"]
[Result "0-1"]
[WhiteElo "2083"]
[BlackElo "2550"]
[PlyCount "82"]
[EventDate "2014.??.??"]

1. c4 e6 2. Nf3 d5 3. e3 Nf6 4. b3 c5 5. Bb2 Nc6 6. Be2 d4 7. exd4 cxd4 8. d3
e5 9. O-O Bd6 10. Re1 O-O 11. Nbd2 h6 12. Bf1 Re8 13. a3 a5 14. g3 Bf5 15. Qc2
Nd7 16. Ne4 Bf8 17. Nh4 Be6 18. f3 Be7 19. Ng2 f5 20. Nf2 Nc5 21. Bc1 Bf7 22.
Bd2 Nd7 23. b4 Rc8 24. Qa4 b6 25. Rac1 Qc7 26. f4 Bd6 27. Kh1 axb4 28. axb4 Ra8
29. Qb3 Qb7 30. Qb1 Ne7 31. Kg1 Ng6 32. Qc2 Rac8 33. Qd1 Nf6 34. fxe5 Nxe5 35.
Nh4 Bh5 36. Bg2 Qd7 37. Nf3 Qd8 38. Bf4 Nxf3+ 39. Bxf3 Rxe1+ 40. Qxe1 Bxf4 41.
Bxh5 Bxc1 0-1

[Event "XIX MIEDZYNARODOWY FESTIWAL SZACHOWY  KO"]
[Site "Rewal"]
[Date "2014.08.23"]
[Round "5.6"]
[White "Mucha, Piotr"]
[Black "Malaniuk, Vladimir P"]
[Result "0-1"]
[WhiteElo "2019"]
[BlackElo "2546"]
[PlyCount "58"]
[EventDate "2014.??.??"]

1. e4 e5 2. Nf3 Nc6 3. Bb5 a6 4. Ba4 Nge7 5. d4 exd4 6. c3 g6 7. cxd4 b5 8. Bb3
Bg7 9. O-O O-O 10. Bg5 h6 11. Bh4 d6 12. Bxe7 Nxe7 13. h3 c5 14. Nc3 Bb7 15.
dxc5 dxc5 16. Qe2 c4 17. Bc2 Qb6 18. Rad1 Rad8 19. Rxd8 Rxd8 20. Rd1 Rxd1+ 21.
Qxd1 Nc6 22. Qd7 Nd4 23. Qe8+ Bf8 24. Nxd4 Qxd4 25. e5 b4 26. Nd1 Bd5 27. Ne3
Be6 28. Bxg6 Qxb2 29. Nf5 Qa1+ 0-1

[Event "XIX MIEDZYNARODOWY FESTIWAL SZACHOWY  KO"]
[Site "Rewal"]
[Date "2014.08.23"]
[Round "5.7"]
[White "Goluch, Piotr"]
[Black "Dzierzak, Radoslaw"]
[Result "1-0"]
[WhiteElo "2253"]
[BlackElo "2006"]
[PlyCount "93"]
[EventDate "2014.??.??"]

1. Nf3 c5 2. c4 Nf6 3. g3 b6 4. Bg2 Bb7 5. O-O e6 6. d4 d6 7. Nc3 Nbd7 8. d5
exd5 9. cxd5 b5 10. Nxb5 Bxd5 11. Ng5 Bxg2 12. Kxg2 Qb6 13. Qb3 Ne5 14. f4 c4
15. Qa4 Qc6+ 16. e4 Ned7 17. Qa5 Nb6 18. Nxa7 Qb7 19. Qb5+ Nfd7 20. Nc6 Rc8 21.
Na5 Qc7 22. Be3 Be7 23. Nf3 O-O 24. Rac1 Nc5 25. Nxc4 Nxc4 26. Qxc4 Qb7 27.
Bxc5 Rxc5 28. Qe2 Ra5 29. b3 Rfa8 30. Rc2 h5 31. Rf2 Bf6 32. Qd3 h4 33. a4 hxg3
34. hxg3 Rh5 35. g4 Rc5 36. Rxc5 dxc5 37. e5 Rd8 38. Qe3 Bh4 39. Rc2 Rd1 40.
Qxc5 Qe4 41. Qc8+ Bd8 42. Qc4 Rg1+ 43. Kxg1 Qxf3 44. Qd4 Bb6 45. Qxb6 Qd1+ 46.
Kf2 Qxc2+ 47. Ke3 1-0

[Event "XIX MIEDZYNARODOWY FESTIWAL SZACHOWY  KO"]
[Site "Rewal"]
[Date "2014.08.23"]
[Round "5.8"]
[White "Krainski, Slawomir"]
[Black "Nester, Ihor"]
[Result "0-1"]
[WhiteElo "2033"]
[BlackElo "2247"]
[PlyCount "142"]
[EventDate "2014.??.??"]

1. d4 Nf6 2. c4 e6 3. Nc3 Bb4 4. e3 b6 5. Nge2 Bb7 6. a3 Be7 7. d5 O-O 8. Ng3
d6 9. Be2 Nbd7 10. O-O a5 11. e4 Nc5 12. Be3 Qd7 13. h3 a4 14. Qc2 Rfe8 15.
Rac1 g6 16. f4 exd5 17. cxd5 Bf8 18. Bd2 Qe7 19. Bf3 Nfd7 20. Nb5 Rec8 21. Bc3
Qh4 22. Ne2 Ba6 23. Nbd4 Re8 24. Nc6 Bxe2 25. Qxe2 Nxe4 26. Bxe4 f5 27. Qd2
Rxe4 28. Rce1 Rae8 29. Rxe4 Rxe4 30. Nd4 Nc5 31. Nb5 Qe7 32. Re1 Rxe1+ 33. Qxe1
Qxe1+ 34. Bxe1 Nd3 35. Bc3 Nxf4 36. Nxc7 Ne2+ 37. Kf2 Nxc3 38. bxc3 Bg7 39. Nb5
Be5 40. Ke3 Kf7 41. Kd3 g5 42. Na7 h5 43. c4 Bb2 44. Nc8 Bxa3 45. Nxb6 Kf6 46.
Nd7+ Kg6 47. Nb6 Bc5 48. Nxa4 Ba7 49. Nc3 g4 50. hxg4 hxg4 51. Nb5 Bc5 52. Nd4
Kf6 53. Nc6 f4 54. Ke2 Kf5 55. Na5 Ke4 56. Nb7 Kd4 57. Nd8 Kxc4 58. Ne6 Be3 59.
Nc7 Bd4 60. Ne6 Be5 61. Nc7 Kd4 62. Kf2 Ke4 63. Ke2 Bd4 64. Ne6 Bb6 65. Kf1 Be3
66. Nc7 f3 67. Ne8 Ke5 68. g3 Bb6 69. Ke1 Bd8 70. Ng7 Kxd5 71. Nf5 Bg5 0-1

[Event "XIX MIEDZYNARODOWY FESTIWAL SZACHOWY  KO"]
[Site "Rewal"]
[Date "2014.08.23"]
[Round "5.9"]
[White "Bures, Jaroslav"]
[Black "Lewtak, Damian"]
[Result "1-0"]
[WhiteElo "2410"]
[BlackElo "2336"]
[PlyCount "79"]
[EventDate "2014.??.??"]

1. d4 d5 2. c4 c6 3. Nf3 Nf6 4. Nc3 dxc4 5. a4 Bf5 6. e3 e6 7. Bxc4 Bb4 8. O-O
h6 9. Qb3 Qe7 10. a5 O-O 11. Ra4 Bd6 12. Re1 Ne4 13. Nxe4 Bxe4 14. Nd2 Bh7 15.
e4 e5 16. dxe5 Bxe5 17. Rb4 Nd7 18. Rxb7 Qd6 19. Bxf7+ Rxf7 20. Nf3 Raf8 21.
Rxd7 Bxh2+ 22. Nxh2 Qxd7 23. f3 Qb7 24. Qc3 h5 25. Be3 Rb8 26. Bd4 Qb4 27. Qxb4
Rxb4 28. Bc3 Rbb7 29. Kf2 c5 30. Ke2 Rfd7 31. g4 Bg6 32. Rg1 hxg4 33. Nxg4 Rd6
34. Ke3 Kf8 35. f4 Bf7 36. f5 Rbd7 37. Rh1 Rd3+ 38. Kf4 Rd1 39. Rh8+ Ke7 40.
Bxg7 1-0

[Event "XIX MIEDZYNARODOWY FESTIWAL SZACHOWY  KO"]
[Site "Rewal"]
[Date "2014.08.23"]
[Round "5.10"]
[White "Marczuk, Dominik"]
[Black "Strebkovs, Andrejs"]
[Result "0-1"]
[WhiteElo "2091"]
[BlackElo "2339"]
[PlyCount "82"]
[EventDate "2014.??.??"]

1. e4 g6 2. d4 d6 3. Nf3 c6 4. Nc3 Bg7 5. a4 Nd7 6. Be2 e5 7. Be3 Qe7 8. O-O
Nh6 9. dxe5 dxe5 10. Nd2 f6 11. Nc4 Nf7 12. b4 O-O 13. b5 f5 14. Bc1 Rd8 15.
Ba3 Qf6 16. Qc1 Nf8 17. Rd1 Ne6 18. Na5 Nd4 19. Bc4 Kh8 20. exf5 gxf5 21. Ne2
cxb5 22. axb5 Ng5 23. Nxd4 exd4 24. Qf4 Ne4 25. Bb2 Be6 26. Bxe6 Qxe6 27. Nxb7
Rd7 28. Na5 Be5 29. Qf3 Rg8 30. Nc6 Ng5 31. Qh5 Bf6 32. Bxd4 Bxd4 33. Rxd4 Rdg7
34. Rad1 Ne4 35. g3 Nc3 36. R1d2 Nxb5 37. Nd8 Qe1+ 38. Kg2 Nxd4 39. Rxd4 Qe7
40. Nc6 Qc5 41. Qf3 Rc7 0-1

[Event "XIX MIEDZYNARODOWY FESTIWAL SZACHOWY  KO"]
[Site "Rewal"]
[Date "2014.08.23"]
[Round "5.11"]
[White "Gajic, Mladen"]
[Black "Sliwicki, Damian"]
[Result "1-0"]
[WhiteElo "2201"]
[BlackElo "2063"]
[PlyCount "83"]
[EventDate "2014.??.??"]

1. d4 Nf6 2. Bg5 e6 3. e4 h6 4. Bxf6 Qxf6 5. c3 e5 6. dxe5 Qxe5 7. Bd3 Bc5 8.
Nf3 Qe7 9. O-O Nc6 10. Nbd2 d6 11. h3 Ne5 12. Bc2 g5 13. Nd4 g4 14. hxg4 Bxg4
15. f3 h5 16. fxg4 hxg4 17. Qe1 Qg5 18. Rf5 Qh6 19. Kf2 O-O-O 20. Ke2 Rhe8 21.
Qg3 Qg7 22. N4b3 Bb6 23. Re1 d5 24. Kd1 dxe4 25. Rxe4 f6 26. Kc1 Qh6 27. Qf4
Qh1+ 28. Qf1 Qh4 29. Rxf6 Nf3 30. Rfe6 Nxd2 31. Nxd2 Rf8 32. Qe1 Bf2 33. Qe2
Qh1+ 34. Bd1 g3 35. Re8 Qh6 36. Rxd8+ Kxd8 37. Qb5 Qd6 38. Qxb7 c6 39. Nc4 Qh6+
40. Kc2 Bc5 41. Qb8+ Kd7 42. Bg4+ 1-0

[Event "XIX MIEDZYNARODOWY FESTIWAL SZACHOWY  KO"]
[Site "Rewal"]
[Date "2014.08.23"]
[Round "5.12"]
[White "Smieszek, Wojciech"]
[Black "Reza, Wojciech"]
[Result "0-1"]
[WhiteElo "2031"]
[BlackElo "2178"]
[PlyCount "38"]
[EventDate "2014.??.??"]

1. e4 e5 2. f4 exf4 3. Bc4 Nf6 4. Nc3 c6 5. Bb3 d5 6. exd5 Nxd5 7. Nxd5 cxd5 8.
d4 Qh4+ 9. Kf1 Be6 10. Nf3 Qf6 11. Qe2 Nc6 12. Qb5 O-O-O 13. Qa4 Bd6 14. c4 Bc7
15. Bd2 g5 16. Bc3 Kb8 17. Re1 Qg6 18. Kf2 g4 19. Nh4 Qf6 0-1

[Event "XIX MIEDZYNARODOWY FESTIWAL SZACHOWY  KO"]
[Site "Rewal"]
[Date "2014.08.23"]
[Round "5.14"]
[White "Sliwicka, Alicja"]
[Black "Oszczanowski, Witold"]
[Result "1/2-1/2"]
[WhiteElo "1909"]
[BlackElo "2125"]
[PlyCount "28"]
[EventDate "2014.??.??"]

1. e4 c5 2. Nf3 Nc6 3. d4 cxd4 4. Nxd4 Nf6 5. Nc3 d6 6. Bc4 Bd7 7. Be3 g6 8.
Bb3 Bg7 9. Qd2 Ng4 10. Nxc6 bxc6 11. Bf4 O-O 12. h3 Ne5 13. Rd1 Be6 14. Qe2 Qa5
1/2-1/2

[Event "XIX MIEDZYNARODOWY FESTIWAL SZACHOWY  KO"]
[Site "Rewal"]
[Date "2014.08.23"]
[Round "5.16"]
[White "Lapaj, Mateusz"]
[Black "Guzik, Jolanta"]
[Result "1/2-1/2"]
[WhiteElo "2135"]
[BlackElo "2040"]
[PlyCount "40"]
[EventDate "2014.??.??"]

1. d4 d5 2. Nc3 Nf6 3. Bg5 Nbd7 4. Nf3 g6 5. e3 Bg7 6. Bd3 c6 7. O-O h6 8. Bh4
O-O 9. Re1 Re8 10. e4 dxe4 11. Nxe4 Nxe4 12. Bxe4 Nf6 13. Bd3 Bg4 14. c3 Qb6
15. Rb1 Qa5 16. Qb3 g5 17. Bg3 Qb6 18. Qxb6 axb6 19. Ne5 Be6 20. a3 Nh5 1/2-1/2

[Event "XIX MIEDZYNARODOWY FESTIWAL SZACHOWY  KO"]
[Site "Rewal"]
[Date "2014.08.23"]
[Round "5.18"]
[White "Kasperek, Joanna"]
[Black "Koziol, Kamil"]
[Result "1-0"]
[WhiteElo "2003"]
[BlackElo "2090"]
[PlyCount "53"]
[EventDate "2014.??.??"]

1. e4 c5 2. Nf3 e6 3. d4 cxd4 4. Nxd4 a6 5. c4 Nf6 6. Nc3 Qc7 7. Bd3 Nc6 8.
Nxc6 bxc6 9. O-O Be7 10. Qe2 d6 11. f4 Nd7 12. Be3 c5 13. Rad1 Nb8 14. e5 Bb7
15. f5 Nc6 16. fxe6 Nxe5 17. exf7+ Nxf7 18. Qh5 g6 19. Nd5 Qd7 20. Bxg6 hxg6
21. Qxg6 Bxd5 22. Rxd5 Bf8 23. Bg5 Bh6 24. Bxh6 Rxh6 25. Qg8+ Ke7 26. Rxf7+ Ke6
27. Qg4+ 1-0

[Event "XIX MIEDZYNARODOWY FESTIWAL SZACHOWY  KO"]
[Site "Rewal"]
[Date "2014.08.23"]
[Round "5.20"]
[White "Kosakowski, Jakub"]
[Black "Puczylowski, Marcin"]
[Result "1-0"]
[WhiteElo "1950"]
[BlackElo "2068"]
[PlyCount "73"]
[EventDate "2014.??.??"]

1. e4 e5 2. Nf3 Nc6 3. Bb5 a6 4. Ba4 f5 5. d4 exd4 6. e5 Bc5 7. O-O Nge7 8. Bb3
d5 9. exd6 Qxd6 10. Re1 Bd7 11. Bg5 O-O-O 12. Nbd2 Rhe8 13. Bf7 Bb4 14. Bxe8
Bxe8 15. a3 Bxd2 16. Nxd2 h6 17. Bxe7 Nxe7 18. Qe2 Nd5 19. Qe5 Qg6 20. Nf3 c5
21. Nh4 Qg5 22. Qxf5+ Qxf5 23. Nxf5 Bg6 24. Re5 Kc7 25. Nxg7 Nf4 26. g3 Nh3+
27. Kg2 Ng5 28. f4 Be4+ 29. Rxe4 Nxe4 30. Ne6+ Kd7 31. Nxd8 Kxd8 32. Re1 Nd2
33. b3 Kd7 34. g4 c4 35. bxc4 Nxc4 36. Re4 Nxa3 37. Rxd4+ 1-0

[Event "XIX MIEDZYNARODOWY FESTIWAL SZACHOWY  KO"]
[Site "Rewal"]
[Date "2014.08.23"]
[Round "5.21"]
[White "Lewtak, Dominik"]
[Black "Lopuszanski, Kamil"]
[Result "1/2-1/2"]
[WhiteElo "2060"]
[BlackElo "1929"]
[PlyCount "53"]
[EventDate "2014.??.??"]

1. Nf3 Nf6 2. g3 d6 3. d4 g6 4. Bg2 Bg7 5. O-O O-O 6. c4 c6 7. Nc3 Bf5 8. Re1
Ne4 9. Nd2 Ng5 10. Nf3 Ne4 11. Nxe4 Bxe4 12. e3 Nd7 13. Bf1 Qa5 14. Nd2 Nf6 15.
Nxe4 Nxe4 16. Bg2 f5 17. f3 Nf6 18. b3 e5 19. Bd2 Qc7 20. Rc1 Rae8 21. Bc3 e4
22. f4 h6 23. Bh3 Qd7 24. b4 d5 25. c5 Re7 26. a4 Ne8 27. Rb1 1/2-1/2

[Event "XIX MIEDZYNARODOWY FESTIWAL SZACHOWY  KO"]
[Site "Rewal"]
[Date "2014.08.23"]
[Round "5.22"]
[White "Nun, Grzegorz"]
[Black "Kretzschmar, Arnd"]
[Result "1/2-1/2"]
[WhiteElo "1907"]
[BlackElo "1860"]
[PlyCount "41"]
[EventDate "2014.??.??"]

1. e4 c5 2. Nf3 d6 3. d4 cxd4 4. Nxd4 Nf6 5. Nc3 g6 6. Be3 Bg7 7. f3 O-O 8. Qd2
Nc6 9. O-O-O d5 10. Kb1 Rb8 11. Nb3 dxe4 12. Qxd8 Rxd8 13. Rxd8+ Nxd8 14. Bxa7
Ra8 15. Bc5 exf3 16. gxf3 Nc6 17. Bb5 Nd7 18. Rd1 Bxc3 19. bxc3 Nxc5 20. Nxc5
Kg7 21. a4 1/2-1/2

[Event "XIX MIEDZYNARODOWY FESTIWAL SZACHOWY  KO"]
[Site "Rewal"]
[Date "2014.08.23"]
[Round "5.23"]
[White "Smal, Tobiasz"]
[Black "Marczuk, Anna"]
[Result "1-0"]
[WhiteElo "1888"]
[BlackElo "1866"]
[PlyCount "99"]
[EventDate "2014.??.??"]

1. e4 d6 2. d4 Nf6 3. Nc3 c6 4. f3 Qb6 5. Bc4 Nbd7 6. Nge2 e5 7. Bb3 Be7 8. Be3
Qc7 9. O-O O-O 10. Ng3 Re8 11. f4 Bf8 12. fxe5 dxe5 13. Nh5 Bd6 14. Bg5 exd4
15. Bxf6 Nxf6 16. Rxf6 gxf6 17. Nxf6+ Kf8 18. Nxe8 Kxe8 19. Qxd4 Bxh2+ 20. Kh1
Qe5 21. Qf2 Bf4 22. Qh4 Qg5 23. Qxh7 Qh6+ 24. Qxh6 Bxh6 25. Rf1 Be6 26. Bxe6
fxe6 27. Rf6 Be3 28. Rf3 Bd4 29. Rd3 Bxc3 30. Rxc3 Ke7 31. e5 Rf8 32. Rf3 Rd8
33. Rf2 Rd5 34. Re2 Kf7 35. g3 Kg6 36. Kg2 Kf5 37. Kf3 Rxe5 38. Rxe5+ Kxe5 39.
Ke3 Kf5 40. Kf3 e5 41. g4+ Kg5 42. a4 b6 43. b4 e4+ 44. Kxe4 Kxg4 45. Ke5 Kf3
46. Kd6 b5 47. a5 Ke4 48. Kxc6 Kd4 49. Kxb5 Kc3 50. Kc5 1-0

[Event "XIX MIEDZYNARODOWY FESTIWAL SZACHOWY  KO"]
[Site "Rewal"]
[Date "2014.08.23"]
[Round "5.24"]
[White "Wiewesiek, Timo"]
[Black "Gabrys, Sebastian"]
[Result "1/2-1/2"]
[WhiteElo "1775"]
[BlackElo "1813"]
[PlyCount "65"]
[EventDate "2014.??.??"]

1. e4 c5 2. Nc3 Nc6 3. Bb5 e6 4. Bxc6 bxc6 5. f4 d5 6. d3 Ba6 7. b3 c4 8. dxc4
Bb4 9. Bd2 dxc4 10. a3 Bc5 11. b4 Bxg1 12. Rxg1 Qh4+ 13. Kf1 Qxh2 14. Qg4 Rd8
15. Be3 Ne7 16. Ke2 f5 17. Qg5 h6 18. Qxg7 Rg8 19. Rh1 Qxg2+ 20. Qxg2 Rxg2+ 21.
Bf2 fxe4 22. Rxh6 Nf5 23. Rxe6+ Kf7 24. Rxe4 Ng3+ 25. Kf3 Nxe4 26. Nxe4 Rh2 27.
Kg3 Rh6 28. Bxa7 Bc8 29. Ng5+ Kg6 30. Be3 Bf5 31. a4 Bxc2 32. a5 Rd3 33. Re1
1/2-1/2